<?xml version="1.0" encoding="UTF-8"?>
<collection xmlns="http://www.loc.gov/MARC21/slim">
  <record>
    <leader>00000nam  2200000   4500</leader>
    <controlfield tag="001">INLIS000000000051694</controlfield>
    <controlfield tag="005">20171006101033</controlfield>
    <datafield tag="035" ind1="#" ind2="#">
      <subfield code="a">0010-1017000133</subfield>
    </datafield>
    <controlfield tag="007">ta</controlfield>
    <controlfield tag="008">171006###########################0######</controlfield>
    <datafield tag="082" ind1="#" ind2="#">
      <subfield code="a">341 .591</subfield>
    </datafield>
    <datafield tag="084" ind1="#" ind2="#">
      <subfield code="a">341 .591 Nus s</subfield>
    </datafield>
    <datafield tag="100" ind1=" " ind2="#">
      <subfield code="a">Arthur Nussabaum</subfield>
    </datafield>
    <datafield tag="245" ind1="1" ind2="#">
      <subfield code="a">Sedjarah Hukum Internasional /</subfield>
      <subfield code="c">Arthur Nussabaum</subfield>
    </datafield>
    <datafield tag="260" ind1="#" ind2="#">
      <subfield code="a">Bandung :</subfield>
      <subfield code="b">Binatjipta,</subfield>
      <subfield code="c">1970</subfield>
    </datafield>
    <datafield tag="300" ind1="#" ind2="#">
      <subfield code="a">255 hlm ;</subfield>
      <subfield code="c">23 cm</subfield>
    </datafield>
    <datafield tag="990" ind1="#" ind2="#">
      <subfield code="a">1260312603</subfield>
    </datafield>
    <datafield tag="990" ind1="#" ind2="#">
      <subfield code="a">01201712603</subfield>
    </datafield>
  </record>
</collection>
